<?xml version="1.0" encoding="UTF-8"?>
<marc:record xmlns:marc="http://www.loc.gov/MARC21/slim">
   <marc:leader>00000nam a2200000 a 4500</marc:leader>
   <marc:datafield ind1="1" ind2=" " tag="100">
      <marc:subfield code="a">Hunter, Erin</marc:subfield>
      <marc:subfield code="4">aut</marc:subfield>
      <marc:subfield code="e">Verfasser/-in</marc:subfield>
   </marc:datafield>
   <marc:datafield ind1="0" ind2="0" tag="245">
      <marc:subfield code="a">Schleier aus Schatten VII/3</marc:subfield>
   </marc:datafield>
   <marc:datafield ind1="0" ind2="0" tag="245">
      <marc:subfield code="c">Hunter, Erin</marc:subfield>
   </marc:datafield>
   <marc:datafield ind1=" " ind2="1" tag="264">
      <marc:subfield code="a">Weinheim</marc:subfield>
      <marc:subfield code="b">Julius Beltz GmbH &amp; Co. KG</marc:subfield>
      <marc:subfield code="c">2021</marc:subfield>
   </marc:datafield>
   <marc:datafield ind1="1" ind2=" " tag="490">
      <marc:subfield code="a">Warrior Cats VII - das gebrochene Gesetz</marc:subfield>
      <marc:subfield code="v">3</marc:subfield>
   </marc:datafield>
   <marc:datafield ind1="1" ind2=" " tag="520">
      <marc:subfield code="a">Angaben aus der Verlagsmeldung&#xD;
&#xD;
Warrior Cats - Das gebrochene Gesetz - Schleier aus Schatten : Staffel VII, Band 3 Warriors - The Broken Code. Veil of Shadows / von Erin Hunter&#xD;
&#xD;
Im Wald herrscht tiefes Misstrauen unter den Clans. Jede Katze hat Angst, gegen das Gesetz der Krieger zu verstoßen und angeklagt zu werden. Allein der SchattenClan-Anführer Tigerstern hat den Mut, sich dem tyrannischen Brombeerstern zu widersetzen und gibt den verstoßenen Katzen eine neue Heimat in seinem Territorium. Doch dann verschwindet sein geliebter Sohn Schattenhelle  wurde er getötet? Es kommt zur Zerreißprobe im Wald. Wer wird gewinnen und die Clans in die Zukunft führen  Brombeerstern oder Tigerstern?</marc:subfield>
   </marc:datafield>
   <marc:datafield ind1=" " ind2=" " tag="020">
      <marc:subfield code="a">9783407758538</marc:subfield>
      <marc:subfield code="9">9783407758538</marc:subfield>
   </marc:datafield>
   <marc:datafield ind1=" " ind2=" " tag="020">
      <marc:subfield code="a">3407758537</marc:subfield>
      <marc:subfield code="9">3407758537</marc:subfield>
   </marc:datafield>
   <marc:datafield ind1=" " ind2=" " tag="041">
      <marc:subfield code="a">ger</marc:subfield>
   </marc:datafield>
   <marc:datafield ind1="0" ind2=" " tag="490">
      <marc:subfield code="v">3</marc:subfield>
   </marc:datafield>
   <marc:datafield ind1=" " ind2=" " tag="338">
      <marc:subfield code="a">Band</marc:subfield>
   </marc:datafield>
   <marc:datafield ind1=" " ind2=" " tag="300">
      <marc:subfield code="a">313 Seiten</marc:subfield>
   </marc:datafield>
</marc:record>
